LEADER 01201nam a2200289 u 4500 001 000000092101 003 CaOOAMICUS 005 20070226124913.0 008 060403s2005 gw u000 u eng u 020 $a3161486773 035 $a11084501 040 $aPUL$bita 100 1 $aDunn, James D. G.$0(OLS)http://pul/name/12183 245 14$aThe New Perspective on Paul /$cJames D.G. Dunn. 260 $aTübingen :$bMohr Siebeck,$c2005. 300 $aix, 539 p. ;$c24 cm 490 1 $aWissenschaftliche Untersuchungen zum Neuen Testament ;$v185 500 $aIndici: p. [499]-539. 504 $aBibliografia in note. 630 04$aBiblia.$pN.T.$xCritica e interpretazione.$0(OLS)http://pul/subject/1926 830 0$aWissenschaftliche Untersuchungen zum Neuen Testament ;$v185.$0(OLS)http://pul/title/8628 850 $aPUL 852 $aPUL$W1$xSL Religione 1$y3$m16 H 185$j115893$nBK-PRI$b $qStampati$B115893$CPULBib$Z2$F115893 $HPUL100275 $81 941 1 $a8 996 $6020$a3161486773$9(OLS)http://pul/number/120859 996 $6245$aThe New Perspective on Paul$9(OLS)http://pul/title/118877 996 $6260$aTübingen :$bMohr Siebeck$9(OLS)http://pul/publisher/52004 LEADER 01174nam a2200289 u 4500 001 000000081385 003 CaOOAMICUS 005 20070226123741.0 008 050321s2003 enk u000 u eng u 020 $a0521786940 035 $a11035495 040 $aPUL$bita 245 04$aThe Cambridge companion to st Paul /$cedited by James D.G. Dunn. 260 $aCambridge :$bUniversity Press,$cc2003. 300 $axx, 301 p. ;$c23 cm 490 1 $aThe Cambridge companion 500 $aInclude indici. 504 $aBibliografia p. 270-276. 630 04$aBiblia.$pN.T.$pPauli epistolae.$0(OLS)http://pul/subject/37973 700 1 $aDunn, James D. G.$0(OLS)http://pul/name/12183 830 4$aThe Cambridge companion.$0(OLS)http://pul/title/60427 850 $aPUL 852 $aPUL$W1$xSL Filosofia 2$y80$mPhil A8 59$j103826$nBK-PRI$b $qStampati altre collocazioni$B103826$CPULBib$Z2$F103826 $HPUL97404 $81 941 1 $a10 996 $6020$a0521786940$9(OLS)http://pul/number/107822 996 $6245$aThe Cambridge companion to st Paul$9(OLS)http://pul/title/106457 996 $6260$aCambridge :$bUniversity Press$9(OLS)http://pul/publisher/49564